000 00664nam a22002297a 4500
003 UA-OsUOA
001 127637
007 ta
008 20171207b un ||||| |||| 00| 0 ukr d
090 _a821.161.2
_bН76
942 _cBK
040 _aUA-OsUOA
_bukr
_cUA-OsUOA
_dUA-OsUOA
245 _aНовочасна література
_bтексти: тримісячник
_cА. Цвіт, Ю. Андрухович
300 _a188 с.
955 _a3
041 _aukr
080 _a821.161.2
260 _aК.
_bДивослово
_c2008
246 3 1 _aЧ. 1
_n
650 7 _a82 Література. Літературознавство
_2UDC
999 _c414912
_d414912